00574nmm a2200169Ia 4500008004100000020001800041041000800059100003400067245007300101264004400174300001800218490007200236650002100308856005100329942000700380999001700387251105s9999||||xx |||||||||||||||||und|| a9788476589618 aspa aGonzález de Ávila, Manuel 0aCultura y razón :b Antropología de la literatura y de la imagen a[Madrid, España] :bAnthropos, c2010 a292 páginas aPensamiento crítico / Pensamiento utópico: crítica y utopía aCultural Studies uhttps://public.digitaliapublishing.com/a/13320 cCF c85268d85268